Imprenta Real: fuentes de la tipografía española
Saved in:
| Format: | Bog |
|---|---|
| Sprog: | spansk engelsk |
| Udgivet: |
Madrid
Ministerio de Asuntos Exteriores y de Cooperación
2010
|
| Udgivelse: | 2a. ed |
| Fag: | |
| Tags: |
Tilføj Tag
Ingen Tags, Vær først til at tagge denne postø!
|
MARC
| LEADER | 00000nam a2200000 a 4500 | ||
|---|---|---|---|
| 001 | UCG4876 | ||
| 003 | CL-VaPUC | ||
| 008 | 101209e20102000SP |||||||||||||||||spa|d | ||
| 020 | |a 9788483471029 | ||
| 041 | 0 | 7 | |a spa |2 CL-VaPUC |
| 041 | 0 | 7 | |a eng |2 CL-VaPUC |
| 082 | 0 | 4 | |a 686.22 |b IMP |2 21 |
| 245 | 1 | 0 | |a Imprenta Real: fuentes de la tipografía española |
| 250 | |a 2a. ed | ||
| 300 | |a 341 p | ||
| 942 | |c BK | ||
| 945 | |d 20101209 00:00:00 |a dcastane | ||
| 260 | |a Madrid |b Ministerio de Asuntos Exteriores y de Cooperación |c 2010 | ||
| 650 | 0 | |a Tipografía |9 266998 | |
| 650 | 7 | |a IMPRESION |2 CL-VaPUC |9 266944 | |
| 650 | 0 | |a Artes gráficas |9 265865 | |
| 583 | |a last modification |c 20101209 00:00:00 |k Rodrigo Vera | ||
| 999 | |c 343480 |d 343478 | ||
| 952 | |0 0 |1 0 |4 0 |6 686_220000000000000_IMP_2010 |7 0 |8 A |9 440800 |a BIBARQ |b BIBARQ |d 2019-11-22 |i 4741293 |o 686.22 IMP 2010 |p 4741293 |r 2025-01-20 |w 2019-11-22 |y BK |k ARQ | ||